| Record ID | ia:foundationsbestp0000foll |
| Source | Internet Archive |
| Download MARC XML | https://archive.org/download/foundationsbestp0000foll/foundationsbestp0000foll_marc.xml |
| Download MARC binary | https://www.archive.org/download/foundationsbestp0000foll/foundationsbestp0000foll_meta.mrc |
LEADER: 03553cam a2200409Ia 4500
001 ocn870646465
003 OCoLC
005 20191109072546.7
008 140206s2015 njua b 001 0 eng d
040 $aUKMGB$beng$cUKMGB$dMUS$dOCLCF$dYDXCP$dLTSCA$dOCLCQ$dIPU
020 $a9780133564440$q(pbk.)
020 $a0133564444$q(pbk.)
029 1 $aNZ1$b15806356
035 $a(OCoLC)870646465
050 4 $aLB1139.23$b.F66 2015
082 04 $a372.21$223
049 $aMAIN
100 1 $aFollari, Lissanna M.,$eauthor.
245 10 $aFoundations and best practices in early childhood education :$bhistory, theories, and approaches to learning /$cLissanna Follari.
250 $a3rd edition
260 $a[Hoboken, N.J.] :$bPearson,$c©2015.
300 $axiv, 338 pages :$billustrations ;$c26 cm
336 $atext$btxt$2rdacontent
337 $aunmediated$bn$2rdamedia
338 $avolume$bnc$2rdacarrier
504 $aIncludes bibliographical references and index.
505 0 $aWelcome to the field of early childhood education -- Historical overview : people and beliefs that shaped the field -- Professionalism in early childhood education : framing best practices -- Influential theories : bioecological model and constructivism -- Families and children today : diversity in today's classrooms -- Head start and early head start : empowering change from within -- The high/scope foundation : models in curriculum and research -- The project approach : active inquiry in early childhood -- The schools of Reggio Emilia : a child's world -- Montessori education : environment, materials, and methods -- Waldorf education : harmony and the whole child -- Bringing it all together : imagining and becoming.
520 $aFoundations and best practices in early childhood education, 3rd edition presents a broad exploration of the scope, roles, and practices of working with and for children and families that's ideal for both the beginning educator, as well as for those with experience teaching young children who are working to further their education. Toward the goal of helping educators make connections between beliefs and philosophies and practice, it includes stories or extended vignettes from a variety of classrooms that highlight how teachers and programs are integrating guiding principles and beliefs into applied practice. A resource for those beginning or continuing a reflective journey on the evolving path of defining and reshaping an educator's own practice with children and families, it encourages educators to go forth and find a voice that will be used to advocate on behalf of all children and families. Now also available as a Pearson Video-Enhanced eText, this new edition reflects recent changes in early care and education practice based on legislative and policy changes, as well as the latest research on effective practice. Included are contextualized videos, learning outcomes, streamlined summaries, additional charts and graphic features, coverage of evidence-based practice and Common Core State Standards, and some important content changes that bring the material up-to-date and in step with today's latest information in the field.
590 $bInternet Archive - 2
590 $bInternet Archive 2
650 0 $aEarly childhood education.
650 0 $aChild development.
650 7 $aChild development.$2fast$0(OCoLC)fst00854393
650 7 $aEarly childhood education.$2fast$0(OCoLC)fst00900596
938 $aYBP Library Services$bYANK$n11108988
994 $a92$bERR
976 $a31927002123690